[Event "LXIX C.to Italiano"]
[Site "Sarre ITA"]
[Date "2009.11.26"]
[Round "4"]
[White "Rombaldoni, Denis"]
[Black "Genocchio, Daniele"]
[Result "1/2-1/2"]
[WhiteElo "2504"]
[BlackElo "2464"]
[PlyCount "124"]
[EventDate "2009.11.23"]

1. Nf3 Nf6 2. c4 e6 3. d4 c5 4. e3 cxd4 5. exd4 d5 6. Nc3 Bb4 7. cxd5 Nxd5 8.
Qc2 Nc6 9. Bd3 Ba5 10. Qb3 O-O 11. O-O Bc7 12. Bg5 Qd6 13. Nb5 Qb4 14. Qc2 h6
15. a3 Qa5 16. Bd2 Qb6 17. Qc1 f6 18. a4 Bb8 19. Re1 Qd8 20. Re4 f5 21. Re1 Qf6
22. Bc4 a6 23. Nc3 Nxd4 24. Nxd4 Qxd4 25. Nxd5 exd5 26. Bb3 Kh7 27. Bc3 Qb6 28.
Qd1 Be6 29. Bxd5 Bxd5 30. Qxd5 Qd6 31. Qxd6 Bxd6 32. Rad1 Rfd8 33. Ba5 Rd7 34.
Rd2 b6 35. Bc3 Rdd8 36. Kf1 Bc5 37. Red1 Rxd2 38. Rxd2 Ra7 39. Rd5 Kg6 40. b4
Be7 41. Ke2 Rc7 42. Kd3 Rc6 43. Rd7 Kf7 44. Ra7 b5 45. axb5 axb5 46. Rb7 Rg6
47. Bd4 Ke6 48. Rb6+ Kf7 49. Rxb5 Rxg2 50. Rxf5+ Kg6 51. Rb5 Rxh2 52. Rb6+ Kf5
53. b5 Rh1 54. Bxg7 h5 55. Rc6 h4 56. b6 h3 57. Rh6 h2 58. b7 Rb1 59. Rxh2 Rxb7
60. Bd4 Bg5 61. Rh8 Rf7 62. f3 Bf6 1/2-1/2

[Event "LXIX C.to Italiano"]
[Site "Sarre ITA"]
[Date "2009.11.26"]
[Round "4"]
[White "Stella, Andrea"]
[Black "Valsecchi, Alessio"]
[Result "1-0"]
[WhiteElo "2346"]
[BlackElo "2336"]
[PlyCount "73"]
[EventDate "2009.11.23"]

1. Nf3 Nf6 2. c4 g6 3. Nc3 d5 4. cxd5 Nxd5 5. Qa4+ c6 6. Qd4 Nf6 7. Qxd8+ Kxd8
8. d4 Bg7 9. e4 Ke8 10. Be3 a5 11. Rc1 Nbd7 12. h3 Kf8 13. a4 h6 14. Bc4 Ne8
15. O-O Kg8 16. Rfd1 Nd6 17. Ba2 e6 18. Bf4 Ne8 19. d5 cxd5 20. exd5 e5 21. Re1
exf4 22. Rxe8+ Kh7 23. Re7 Nc5 24. Rxf7 Bf5 25. Nd4 Nd3 26. Nxf5 gxf5 27. Rd1
Nxb2 28. Rb1 Rac8 29. Rxb2 Rxc3 30. Rbxb7 Rg8 31. Bb1 Rc1+ 32. Kh2 f3 33. Rxf5
fxg2 34. Rh5+ Rxb1 35. Rxb1 Bf6 36. Rf5 Bh4 37. Rg1 1-0

[Event "LXIX C.to Italiano"]
[Site "Sarre ITA"]
[Date "2009.11.26"]
[Round "4"]
[White "Vocaturo, Daniele"]
[Black "Garcia Palermo, Carlos Horacio"]
[Result "1/2-1/2"]
[WhiteElo "2500"]
[BlackElo "2475"]
[PlyCount "139"]
[EventDate "2009.11.23"]

1. e4 b6 2. d4 Bb7 3. Bd3 g6 4. Nc3 Bg7 5. Be3 e6 6. Qd2 Nc6 7. Nf3 d6 8. O-O-O
a6 9. h4 Nf6 10. h5 Nxh5 11. d5 exd5 12. exd5 Ne5 13. Be2 Nf6 14. Bg5 h6 15.
Bxh6 Rxh6 16. Rxh6 Bxh6 17. Qxh6 Nfg4 18. Qh8+ Kd7 19. Qh3 f5 20. Nxe5+ Nxe5
21. f4 Nf7 22. g4 Qh8 23. Rh1 Qxh3 24. Rxh3 fxg4 25. Bxg4+ Ke7 26. Re3+ Kf8 27.
Be6 Re8 28. Rg3 Kg7 29. Ne4 Nd8 30. f5 Nxe6 31. Rxg6+ Kf8 32. Rf6+ Kg7 33. Rg6+
Kf8 34. Rf6+ Kg7 35. fxe6 Bxd5 36. Rf7+ Kg6 37. Nc3 Bxe6 38. Rxc7 Rh8 39. Rc6
Rh1+ 40. Kd2 Rh2+ 41. Ke3 Kf6 42. Rxd6 Ke5 43. Rxb6 Rh3+ 44. Kf2 Rh2+ 45. Kf3
Rxc2 46. Ke3 Rh2 47. a3 Rh3+ 48. Kf2 Bc4 49. Rb8 Kd4 50. Rd8+ Ke5 51. Kg2 Rd3
52. Rc8 Be6 53. Rb8 Rd2+ 54. Kf3 Rh2 55. Rb4 Rh3+ 56. Kg2 Rd3 57. Kf1 Rd4 58.
Rb8 Rd2 59. Ke1 Rh2 60. Rb6 Bc4 61. Rb8 Kd4 62. Rd8+ Ke5 63. Re8+ Kd4 64. Nd1
Bb5 65. Re7 Kd3 66. Re3+ Kc2 67. Rc3+ Kb1 68. Re3 Kc2 69. Rc3+ Kb1 70. Re3
1/2-1/2

[Event "LXIX C.to Italiano"]
[Site "Sarre ITA"]
[Date "2009.11.27"]
[Round "5"]
[White "Bruno, Fabio"]
[Black "Rombaldoni, Denis"]
[Result "1/2-1/2"]
[WhiteElo "2460"]
[BlackElo "2504"]
[PlyCount "133"]
[EventDate "2009.11.23"]

1. Nf3 Nf6 2. d4 e6 3. e3 d5 4. Bd3 c5 5. c3 Nc6 6. Nbd2 Be7 7. O-O O-O 8. dxc5
Bxc5 9. Qe2 b6 10. e4 Bb7 11. e5 Nd7 12. b4 Be7 13. a3 Qc7 14. Re1 Rfd8 15. Bb2
a5 16. Nb3 Nf8 17. Nbd4 Ng6 18. g3 Rac8 19. h4 Nf8 20. Qe3 Re8 21. Nb5 Qd8 22.
Rad1 f6 23. c4 axb4 24. cxd5 exd5 25. Bf5 Ra8 26. exf6 Bxf6 27. Qxe8 Qxe8 28.
Rxe8 Rxe8 29. Bxf6 gxf6 30. Nd6 Rb8 31. axb4 Nxb4 32. Rb1 Nc6 33. Rxb6 Ba8 34.
Rxb8 Nxb8 35. Nd4 Nc6 36. Ne6 Ne7 37. Nd4 Nxf5 38. N4xf5 Ne6 39. f4 Ng7 40. Nd4
Kf8 41. Kf2 Ke7 42. N6b5 Bb7 43. Kf3 Ba6 44. Nc3 Kd6 45. Ke3 Bc8 46. Nce2 Bg4
47. Nc1 Kc5 48. Ncb3+ Kb4 49. Nd2 Nh5 50. Kf2 Kc3 51. N2f3 Bxf3 52. Nxf3 d4 53.
f5 Ng7 54. g4 h5 55. Kg3 Kd3 56. Kf4 hxg4 57. Kxg4 Ke4 58. Nd2+ Ke3 59. Nc4+
Ke4 60. Nd2+ Kd3 61. Nf3 Ke3 62. h5 Nxh5 63. Nxd4 Kxd4 64. Kxh5 Ke4 65. Kg4 Ke5
66. Kg3 Kxf5 67. Kf3 1/2-1/2

[Event "LXIX C.to Italiano"]
[Site "Sarre ITA"]
[Date "2009.11.27"]
[Round "5"]
[White "Garcia Palermo, Carlos Horacio"]
[Black "D'Amore, Carlo"]
[Result "0-1"]
[WhiteElo "2475"]
[BlackElo "2489"]
[PlyCount "64"]
[EventDate "2009.11.23"]

1. d4 d5 2. c4 c6 3. Nf3 Nf6 4. e3 Bg4 5. h3 Bxf3 6. Qxf3 e6 7. Bd3 Nbd7 8. O-O
Bd6 9. Nc3 O-O 10. Bd2 a6 11. Rfd1 Qe7 12. Rac1 Rfe8 13. Be1 Rac8 14. a3 dxc4
15. Bxc4 e5 16. g4 e4 17. Qg2 h6 18. g5 hxg5 19. Qxg5 c5 20. Ne2 b5 21. Ba2 c4
22. b3 Qe6 23. bxc4 Qxh3 24. Nf4 Bxf4 25. Qxf4 bxc4 26. Bxc4 Rxc4 27. Rxc4 Nh5
28. Qg5 Re6 29. d5 Ne5 30. Rc8+ Kh7 31. Qxh5+ Qxh5 32. dxe6 Qxd1 0-1

[Event "LXIX C.to Italiano"]
[Site "Sarre ITA"]
[Date "2009.11.27"]
[Round "5"]
[White "Ortega, Lexy"]
[Black "Stella, Andrea"]
[Result "1-0"]
[WhiteElo "2459"]
[BlackElo "2346"]
[PlyCount "109"]
[EventDate "2009.11.23"]

1. d4 Nf6 2. Nf3 e6 3. g3 c5 4. Bg2 cxd4 5. O-O d5 6. Nxd4 e5 7. Nb3 Be6 8. Bg5
Nbd7 9. Nc3 Be7 10. e4 dxe4 11. Nxe4 Nxe4 12. Bxe7 Qxe7 13. Bxe4 Nc5 14. Nxc5
Qxc5 15. Bxb7 Rb8 16. b4 Qc3 17. Bd5 O-O 18. Bxe6 fxe6 19. Qd7 Rxb4 20. Qxe6+
Kh8 21. Qe7 Rbb8 22. Rab1 Rbe8 23. Qxa7 Qxc2 24. a3 e4 25. Rbc1 Qa2 26. Rc3 Rf6
27. Rfc1 Ref8 28. R3c2 Qe6 29. Qd4 Qf5 30. a4 h5 31. Re2 Re8 32. Rc5 Qg4 33.
Qe3 Rg6 34. Rc4 Rge6 35. h4 Qh3 36. Rc5 Re5 37. Rec2 Rd8 38. Rc1 Rd3 39. Qf4
Rxc5 40. Qf8+ Kh7 41. Qxc5 Qg4 42. Qc2 Kh6 43. Re1 Qg6 44. Qc7 Kh7 45. Qe5 e3
46. Rxe3 Rxe3 47. Qxe3 Qa6 48. Qe4+ g6 49. Qe7+ Kh8 50. Qe8+ Kh7 51. Qd7+ Kh8
52. Qd8+ Kh7 53. a5 Qc4 54. Qb6 Kh8 55. a6 1-0

[Event "LXIX C.to Italiano"]
[Site "Sarre ITA"]
[Date "2009.11.27"]
[Round "5"]
[White "Rombaldoni, Axel"]
[Black "Brunello, Sabino"]
[Result "1-0"]
[WhiteElo "2442"]
[BlackElo "2507"]
[PlyCount "61"]
[EventDate "2009.11.23"]

1. e4 c6 2. d4 d5 3. e5 c5 4. dxc5 Nc6 5. c4 e6 6. Nf3 Bxc5 7. Be2 Nge7 8. Nc3
O-O 9. O-O a6 10. cxd5 exd5 11. a3 h6 12. Bf4 Ba7 13. h3 Ng6 14. Bh2 d4 15. Ne4
Qd5 16. Bd3 Ncxe5 17. Nxe5 Nxe5 18. Qh5 f5 19. Bb1 Nc4 20. b3 Ne3 21. fxe3 dxe3
22. Kh1 Be6 23. Ng3 Bd4 24. Nxf5 Rxf5 25. Rxf5 Qc6 26. Rf1 e2 27. Qxe2 Bxa1 28.
Qd3 Bf6 29. Bd6 Bxh3 30. Qh7+ Kf7 31. Rxf6+ 1-0

[Event "LXIX C.to Italiano"]
[Site "Sarre ITA"]
[Date "2009.11.27"]
[Round "5"]
[White "Valsecchi, Alessio"]
[Black "Vocaturo, Daniele"]
[Result "0-1"]
[WhiteElo "2336"]
[BlackElo "2500"]
[PlyCount "110"]
[EventDate "2009.11.23"]

1. e4 c5 2. Nc3 d6 3. f4 Nc6 4. Nf3 g6 5. Bc4 Bg7 6. O-O e6 7. d3 Nge7 8. Qe1
O-O 9. f5 gxf5 10. Qg3 fxe4 11. dxe4 Ng6 12. Bg5 f6 13. Be3 Qe7 14. Rad1 Nge5
15. Bb5 Bd7 16. Bxc6 Bxc6 17. Nxe5 dxe5 18. Qh4 b6 19. Rf3 Be8 20. Rdf1 Bg6 21.
Ne2 Qd7 22. Bh6 Bxh6 23. Qxh6 Qg7 24. Qh4 f5 25. Rd1 fxe4 26. Rxf8+ Rxf8 27.
Rd8 e3 28. Rxf8+ Qxf8 29. Qg3 Qf2+ 30. Qxf2 exf2+ 31. Kxf2 Bxc2 32. Ke3 Kf7 33.
Nc3 Ke7 34. Kd2 Bg6 35. Ke3 Be8 36. g3 Bc6 37. Nd1 Kf6 38. Nf2 Bd5 39. a3 Kf5
40. Nd1 c4 41. h3 Bg2 42. Nf2 b5 43. Kd2 a5 44. Kc3 Bd5 45. Kd2 b4 46. axb4
axb4 47. Ke3 Bc6 48. Nd1 Ba4 49. Nf2 Bc2 50. Kd2 Bb1 51. Ke3 e4 52. h4 h5 53.
Kd4 Bd3 54. Ke3 c3 55. bxc3 bxc3 0-1

[Event "LXIX C.to Italiano"]
[Site "Sarre ITA"]
[Date "2009.11.28"]
[Round "6"]
[White "Brunello, Sabino"]
[Black "Genocchio, Daniele"]
[Result "1/2-1/2"]
[WhiteElo "2507"]
[BlackElo "2464"]
[PlyCount "71"]
[EventDate "2009.11.23"]

1. d4 Nf6 2. c4 g6 3. g3 Bg7 4. Bg2 O-O 5. Nc3 d6 6. e3 e5 7. Nge2 Qe7 8. b4
Re8 9. O-O Nbd7 10. c5 e4 11. Ba3 dxc5 12. bxc5 c6 13. Qb3 Bf8 14. Bb2 h5 15.
Nf4 Kh7 16. Rae1 Bg7 17. Nh3 Bh6 18. f3 exf3 19. Rxf3 Nf8 20. Ne4 Bf5 21. Nhg5+
Kg8 22. Nxf7 Bxe4 23. Nxh6+ Kh7 24. Rxf6 Qxf6 25. Rf1 Qe6 26. d5 Bxd5 27. Bxd5
cxd5 28. Qxb7+ Nd7 29. Nf7 Qxe3+ 30. Rf2 Qe1+ 31. Kg2 Qe4+ 32. Rf3 Qe2+ 33. Kg1
Qe1+ 34. Rf1 Qe3+ 35. Rf2 Qe1+ 36. Rf1 1/2-1/2

[Event "LXIX C.to Italiano"]
[Site "Sarre ITA"]
[Date "2009.11.28"]
[Round "6"]
[White "D'Amore, Carlo"]
[Black "Valsecchi, Alessio"]
[Result "1/2-1/2"]
[WhiteElo "2489"]
[BlackElo "2336"]
[PlyCount "85"]
[EventDate "2009.11.23"]

1. e4 c5 2. Nf3 g6 3. Bc4 Bg7 4. c3 e6 5. d4 cxd4 6. cxd4 d5 7. exd5 exd5 8.
Bb5+ Nc6 9. O-O Nge7 10. h3 O-O 11. Nc3 Qd6 12. Re1 Be6 13. a3 a6 14. Bxc6 Nxc6
15. Ne2 Na5 16. Bd2 Qb6 17. Bb4 Rfe8 18. Nf4 Nc6 19. Bc3 Rad8 20. g4 Qc7 21.
Nd3 f5 22. Nfe5 fxg4 23. hxg4 Nxe5 24. Nxe5 Qe7 25. Kg2 h5 26. Qd3 hxg4 27.
Qxg6 Qf6 28. Qxf6 Bxf6 29. Kg3 Bxe5+ 30. Rxe5 Kf7 31. Rae1 Bc8 32. Ba5 Rxe5 33.
Rxe5 Rh8 34. Rxd5 Rh3+ 35. Kg2 b6 36. Rd8 Bb7+ 37. d5 Ke7 38. Bxb6 Rb3 39. Bc7
Rd3 40. Kf1 Rxd5 41. Rb8 Rb5 42. b4 Bf3 43. Rxb5 1/2-1/2

[Event "LXIX C.to Italiano"]
[Site "Sarre ITA"]
[Date "2009.11.28"]
[Round "6"]
[White "Godena, Michele"]
[Black "Bruno, Fabio"]
[Result "1-0"]
[WhiteElo "2537"]
[BlackElo "2460"]
[PlyCount "67"]
[EventDate "2009.11.23"]

1. e4 c5 2. c3 e6 3. Nf3 d5 4. exd5 exd5 5. d4 Nc6 6. Bb5 Bd6 7. dxc5 Bxc5 8.
O-O Nge7 9. Nbd2 O-O 10. Nb3 Bd6 11. Re1 Re8 12. Bg5 a6 13. Bd3 Bg4 14. Bh4 Ne5
15. Be2 Nc4 16. Qd4 Be6 17. Bxc4 dxc4 18. Nc5 Bxc5 19. Qxc5 Rc8 20. Qh5 Qd3 21.
Bxe7 Rxe7 22. Nd4 Rce8 23. Qh4 Qg6 24. Qg3 Qf6 25. Re3 h6 26. Rae1 Bf5 27. Rxe7
Rxe7 28. Rxe7 Qxe7 29. Qxg7+ Kxg7 30. Nxf5+ Kf6 31. Nxe7 Kxe7 32. g4 Ke6 33.
Kg2 Ke5 34. Kf3 1-0

[Event "LXIX C.to Italiano"]
[Site "Sarre ITA"]
[Date "2009.11.28"]
[Round "6"]
[White "Ortega, Lexy"]
[Black "Rombaldoni, Axel"]
[Result "1-0"]
[WhiteElo "2459"]
[BlackElo "2442"]
[PlyCount "87"]
[EventDate "2009.11.23"]

1. Nf3 Nf6 2. c4 g6 3. g3 c6 4. Bg2 Bg7 5. O-O O-O 6. d4 d5 7. Qb3 dxc4 8. Qxc4
Na6 9. Nc3 Be6 10. Qa4 Qb6 11. e4 Rad8 12. h3 h6 13. Bd2 Ne8 14. d5 Bd7 15. Qb3
Nc5 16. Qa3 Nd3 17. Qxe7 Bf6 18. Qa3 Qxb2 19. Qxb2 Nxb2 20. e5 Bg7 21. Rab1 Nc4
22. Rxb7 Nxd2 23. Nxd2 Bxe5 24. Rc1 Nd6 25. Rxd7 Rxd7 26. dxc6 Bxc3 27. Nc4 Re7
28. Nxd6 Ba5 29. Rc2 Bc7 30. Nb5 Rb8 31. Nc3 Rc8 32. Nd5 Re6 33. Bf1 Bd8 34. c7
Bg5 35. h4 Bd8 36. Bh3 f5 37. h5 Bxc7 38. hxg6 Re5 39. Bxf5 Rd8 40. Nf6+ Kg7
41. Rxc7+ Kxf6 42. Rf7+ Kg5 43. f4+ Kh5 44. fxe5 1-0

[Event "LXIX C.to Italiano"]
[Site "Sarre ITA"]
[Date "2009.11.28"]
[Round "6"]
[White "Rombaldoni, Denis"]
[Black "Garcia Palermo, Carlos Horacio"]
[Result "1/2-1/2"]
[WhiteElo "2504"]
[BlackElo "2475"]
[PlyCount "117"]
[EventDate "2009.11.23"]

1. d4 d5 2. Nf3 e6 3. c4 a6 4. cxd5 exd5 5. Nc3 c6 6. Bf4 Bd6 7. Bxd6 Qxd6 8.
e3 Nf6 9. Bd3 O-O 10. Qc2 Re8 11. O-O Nbd7 12. Rab1 c5 13. dxc5 Nxc5 14. Rbd1
Bg4 15. Bf5 Bxf3 16. gxf3 Ne6 17. Ne4 Nxe4 18. Bxe4 d4 19. Bxh7+ Kh8 20. Bf5
Qd5 21. Qe4 Qxe4 22. Bxe4 dxe3 23. fxe3 Nc5 24. Bd5 Rxe3 25. Bxf7 Rf8 26. Bg6
Re6 27. Bc2 a5 28. Rd5 Rc6 29. Rh5+ Kg8 30. Bh7+ Kf7 31. Rf5+ Ke7 32. Re1+ Ne6
33. Rxf8 Kxf8 34. Bg6 Nc7 35. Be4 Rb6 36. b3 Nb5 37. Rc1 Nd6 38. Bg6 Ke7 39.
Kf2 a4 40. Rc7+ Kf6 41. Bc2 axb3 42. Bxb3 Rb4 43. Ke3 Rh4 44. Rd7 Nf5+ 45. Kd3
b5 46. Rb7 b4 47. Rb6+ Kg5 48. Bf7 Rxh2 49. Rxb4 Rf2 50. Bd5 Ne7 51. Rg4+ Kf6
52. Ke3 Rb2 53. Bb3 Nf5+ 54. Kd3 Rf2 55. f4 Nh6 56. Rg1 Rxf4 57. a4 Ng4 58. a5
Ne5+ 59. Kc3 1/2-1/2

[Event "LXIX C.to Italiano"]
[Site "Sarre ITA"]
[Date "2009.11.28"]
[Round "6"]
[White "Stella, Andrea"]
[Black "Vocaturo, Daniele"]
[Result "1-0"]
[WhiteElo "2346"]
[BlackElo "2500"]
[PlyCount "135"]
[EventDate "2009.11.23"]

1. Nf3 Nf6 2. c4 g6 3. Nc3 Bg7 4. e4 d6 5. d4 O-O 6. Be2 e5 7. O-O Nc6 8. d5
Ne7 9. Nd2 a5 10. a3 Nd7 11. Rb1 f5 12. b4 Kh8 13. Qc2 axb4 14. axb4 Nf6 15. f3
f4 16. c5 g5 17. Nc4 h5 18. b5 dxc5 19. Rd1 b6 20. d6 Ng6 21. dxc7 Qxc7 22. Qd2
Be6 23. Qd6 Qf7 24. Nxb6 Rab8 25. Nbd5 Rfc8 26. Nxf6 Bxf6 27. Nd5 Bg7 28. Bc4
g4 29. Bb2 Rd8 30. Qc6 Rbc8 31. Qa6 Ra8 32. Qc6 Nh4 33. Nb6 Rxd1+ 34. Rxd1 Re8
35. Rd7 Qg6 36. Rxg7 Kxg7 37. Bxe5+ Kg8 38. fxg4 Bxc4 39. Nxc4 Rd8 40. Qxg6+
Nxg6 41. Bd6 hxg4 42. b6 Rd7 43. e5 Kf7 44. Na5 Ke6 45. b7 Rxb7 46. Nxb7 c4 47.
Na5 c3 48. Nb3 Nxe5 49. Bb4 Nd3 50. Bxc3 Kf5 51. Nd2 Nc1 52. Kf1 Nd3 53. Ba5
Nc1 54. Bc7 Nd3 55. Bb8 Nc1 56. g3 f3 57. Nc4 Nd3 58. Ne3+ Kg5 59. Bf4+ Kh5 60.
Nd1 Nb4 61. Nf2 Nc2 62. Kg1 Nd4 63. Kf1 Nc2 64. Bc1 Nb4 65. Ke1 Nd5 66. Kd1 Nf6
67. Kc2 Kg6 68. Bb2 1-0

[Event "LXIX C.to Italiano"]
[Site "Sarre ITA"]
[Date "2009.11.30"]
[Round "7"]
[White "Bruno, Fabio"]
[Black "Brunello, Sabino"]
[Result "1/2-1/2"]
[WhiteElo "2460"]
[BlackElo "2507"]
[PlyCount "126"]
[EventDate "2009.11.23"]

1. Nf3 Nf6 2. d4 e6 3. e3 b6 4. Bd3 Bb7 5. O-O d5 6. c4 Nbd7 7. Nc3 Be7 8. b3
O-O 9. Bb2 c5 10. Qe2 cxd4 11. exd4 dxc4 12. bxc4 Re8 13. Rfd1 Nf8 14. Ne5 Ng6
15. Qe3 Rc8 16. Ne2 Qc7 17. Nf4 Nxf4 18. Qxf4 Bd6 19. Re1 Nh5 20. Qh4 g6 21. d5
Qd8 22. Qd4 Bc5 23. Qg4 f5 24. Qh3 Qg5 25. Nf3 Qg4 26. Qxg4 fxg4 27. Ne5 exd5
28. Nxg4 d4 29. g3 Kf8 30. a3 Rc7 31. Rxe8+ Kxe8 32. Re1+ Re7 33. Rxe7+ Kxe7
34. Kf1 Ng7 35. Ke2 Ke6 36. h4 Nf5 37. Nh2 Nd6 38. Nf3 Bxf3+ 39. Kxf3 a6 40. a4
Nf7 41. Ke4 Nd6+ 42. Kf4 Nf7 43. Ke4 Nd6+ 44. Kf3 a5 45. Ke2 Kf6 46. Bc1 Nf7
47. h5 gxh5 48. Bxh7 Ne5 49. Bd3 Nxd3 50. Kxd3 Kf5 51. f3 Bd6 52. g4+ hxg4 53.
fxg4+ Kxg4 54. Kxd4 Kf3 55. Kd5 Bc5 56. Bd2 Be3 57. Bc3 Ke2 58. Ke4 Bf2 59. Bd4
Bxd4 60. Kxd4 Kd2 61. c5 bxc5+ 62. Kxc5 Kc3 63. Kb5 Kd4 1/2-1/2

[Event "LXIX C.to Italiano"]
[Site "Sarre ITA"]
[Date "2009.11.30"]
[Round "7"]
[White "Garcia Palermo, Carlos Horacio"]
[Black "Godena, Michele"]
[Result "0-1"]
[WhiteElo "2475"]
[BlackElo "2537"]
[PlyCount "78"]
[EventDate "2009.11.23"]

1. d4 d5 2. c3 Nf6 3. Bf4 Nc6 4. e3 Bg4 5. Qb3 Rb8 6. Nd2 e6 7. h3 Bf5 8. Ngf3
Bd6 9. Bxd6 cxd6 10. Be2 O-O 11. O-O b5 12. Nh4 Ne4 13. Ndf3 Nd2 14. Nxd2 Qxh4
15. Qd1 Rfc8 16. b4 Qg5 17. Nf3 Qd8 18. a4 a6 19. axb5 axb5 20. Qd2 Be4 21. Nh2
Qg5 22. f3 Bc2 23. h4 Qh6 24. Ng4 Qg6 25. h5 Qf5 26. e4 dxe4 27. Ne3 Qf4 28.
fxe4 Qg5 29. Bf3 Bb3 30. Ra6 h6 31. e5 d5 32. Ra3 Bc2 33. Rf2 Be4 34. Bxe4 dxe4
35. Qe2 Ra8 36. Rxa8 Rxa8 37. Nf1 Qc1 38. Qc2 Ra1 39. Re2 Qxf1+ 0-1

[Event "LXIX C.to Italiano"]
[Site "Sarre ITA"]
[Date "2009.11.30"]
[Round "7"]
[White "Genocchio, Daniele"]
[Black "Ortega, Lexy"]
[Result "0-1"]
[WhiteElo "2464"]
[BlackElo "2459"]
[PlyCount "92"]
[EventDate "2009.11.23"]

1. e4 e5 2. Nf3 Nc6 3. Bc4 Nf6 4. d3 Bc5 5. c3 O-O 6. O-O d5 7. exd5 Nxd5 8.
Re1 Bg4 9. h3 Bh5 10. Nbd2 Nb6 11. Bb5 Bd6 12. Ne4 f5 13. Ng3 Be8 14. Bxc6 Bxc6
15. Nxe5 Bxe5 16. Rxe5 f4 17. Nf5 Rf7 18. Qg4 Qf6 19. Bxf4 Bd7 20. Nh6+ Qxh6
21. Bxh6 Bxg4 22. hxg4 gxh6 23. Rae1 Rd8 24. d4 Nc4 25. Re6 Nxb2 26. Rb1 Na4
27. Rxb7 Nxc3 28. Rc6 Ne2+ 29. Kf1 Nxd4 30. Rcxc7 Rxc7 31. Rxc7 Rb8 32. Ke1 a5
33. Kd2 Rb2+ 34. Kd3 Ne6 35. Rc2 Nf4+ 36. Kc3 Rb4 37. Rd2 Nxg2 38. Rd5 Rxg4 39.
Rxa5 Nf4 40. Rf5 h5 41. f3 Ne2+ 42. Kd3 Rg2 43. Ke3 Ng3 44. Ra5 h4 45. Kf4 Ne2+
46. Kf5 h3 0-1

[Event "LXIX C.to Italiano"]
[Site "Sarre ITA"]
[Date "2009.11.30"]
[Round "7"]
[White "Rombaldoni, Axel"]
[Black "Stella, Andrea"]
[Result "1-0"]
[WhiteElo "2442"]
[BlackElo "2346"]
[PlyCount "61"]
[EventDate "2009.11.23"]

1. e4 c5 2. Nf3 d6 3. d4 cxd4 4. Qxd4 Nc6 5. Bb5 Bd7 6. Bxc6 Bxc6 7. c4 f5 8.
Nc3 e5 9. Qd3 fxe4 10. Nxe4 Nf6 11. Ng3 Be7 12. Ng5 O-O 13. Ne6 Qc8 14. Nxf8
Bxg2 15. Rg1 e4 16. Qd4 Bf3 17. c5 d5 18. Qe5 Bxc5 19. Nf5 Qxf8 20. Rxg7+ Kh8
21. Bh6 Re8 22. Qc7 Bb6 23. Rxh7+ Kg8 24. Rg7+ Kh8 25. Rh7+ Kg8 26. Qg3+ Kxh7
27. Bxf8 Ng4 28. Qh4+ Kg6 29. Ne7+ Kf7 30. Qh7+ Ke6 31. Qf5+ 1-0

[Event "LXIX C.to Italiano"]
[Site "Sarre ITA"]
[Date "2009.11.30"]
[Round "7"]
[White "Valsecchi, Alessio"]
[Black "Rombaldoni, Denis"]
[Result "0-1"]
[WhiteElo "2336"]
[BlackElo "2504"]
[PlyCount "70"]
[EventDate "2009.11.23"]

1. e4 c6 2. c4 d5 3. exd5 Nf6 4. Nc3 cxd5 5. cxd5 Nxd5 6. Nf3 g6 7. h4 Bg7 8.
h5 Nc6 9. Bb5 O-O 10. hxg6 hxg6 11. Bxc6 bxc6 12. Qa4 e5 13. Nxd5 cxd5 14. d4
Bd7 15. Qa3 exd4 16. Bh6 Re8+ 17. Kf1 Bf6 18. Qd3 Qb6 19. Qd2 d3 20. Be3 Qxb2
21. Qxb2 Bxb2 22. Rb1 Bc3 23. Rh4 Re4 24. Rxe4 dxe4 25. Nd2 f5 26. Rb7 Be6 27.
a4 Rc8 28. g3 a5 29. Rb6 Bf7 30. f3 Bxd2 31. Bxd2 Rc2 32. Be3 Bc4 33. Rb1 Re2
34. Bf2 d2 35. Kg2 e3 0-1

[Event "LXIX C.to Italiano"]
[Site "Sarre ITA"]
[Date "2009.11.30"]
[Round "7"]
[White "Vocaturo, Daniele"]
[Black "D'Amore, Carlo"]
[Result "1/2-1/2"]
[WhiteElo "2500"]
[BlackElo "2489"]
[PlyCount "84"]
[EventDate "2009.11.23"]

1. e4 e5 2. Nf3 Nc6 3. Bc4 Bc5 4. c3 Nf6 5. d3 O-O 6. O-O d5 7. exd5 Nxd5 8. b4
Be7 9. b5 Na5 10. Bxd5 Qxd5 11. c4 Qd8 12. Bd2 b6 13. Nxe5 Bf6 14. Bxa5 Bxe5
15. Bc3 Bxc3 16. Nxc3 a6 17. Qf3 Be6 18. a4 h6 19. h3 axb5 20. Nxb5 Qd7 21.
Rfd1 Rfd8 22. Qg3 Rdc8 23. Qe3 Ra5 24. f4 Rca8 25. Nc3 Qd6 26. Rac1 Bd7 27. Nb5
Bxb5 28. axb5 Ra3 29. Rd2 Rd8 30. Rcd1 Rd7 31. Kh1 Re7 32. Qf2 f5 33. g3 Qe6
34. Kg2 Ra8 35. Rc2 Rae8 36. Rdd2 Qd6 37. Qf3 Qd4 38. Qd5+ Qxd5+ 39. cxd5 Rd8
40. Rc3 Rxd5 41. Rdc2 Re3 42. Rd2 Re7 1/2-1/2

[Event "LXIX C.to Italiano"]
[Site "Sarre ITA"]
[Date "2009.12.01"]
[Round "8"]
[White "Brunello, Sabino"]
[Black "Garcia Palermo, Carlos Horacio"]
[Result "1-0"]
[WhiteElo "2507"]
[BlackElo "2475"]
[PlyCount "63"]
[EventDate "2009.11.23"]

1. d4 d5 2. c4 dxc4 3. e4 Nf6 4. e5 Nd5 5. Bxc4 Nc6 6. Ne2 Nb6 7. Bd3 Bg4 8. f3
Be6 9. Nbc3 Qd7 10. Ne4 Rd8 11. Nc5 Qc8 12. Nxe6 Qxe6 13. Be3 Qd7 14. Be4 e6
15. O-O Nd5 16. Bf2 Bb4 17. Qb3 Na5 18. Qd3 Nc6 19. Qb3 Na5 20. Qc2 Qc6 21. Qd3
Qc4 22. Qd1 Qb5 23. Rc1 Rd7 24. a3 Be7 25. b4 Nc6 26. Bd3 Qb6 27. Qa4 a6 28.
Bxa6 Ncxb4 29. Bc4 Nc6 30. Bb5 O-O 31. Bxc6 bxc6 32. Rb1 1-0

[Event "LXIX C.to Italiano"]
[Site "Sarre ITA"]
[Date "2009.12.01"]
[Round "8"]
[White "Godena, Michele"]
[Black "Valsecchi, Alessio"]
[Result "1-0"]
[WhiteElo "2537"]
[BlackElo "2336"]
[PlyCount "81"]
[EventDate "2009.11.23"]

1. e4 g6 2. d4 Bg7 3. Nf3 d6 4. Bc4 c6 5. c3 Nf6 6. Nbd2 d5 7. Bb3 dxe4 8. Ng5
O-O 9. O-O Bf5 10. Re1 Nbd7 11. Ndxe4 Nxe4 12. Nxe4 Bxe4 13. Rxe4 e5 14. dxe5
Nxe5 15. Qe2 Nd7 16. Be3 Nf6 17. Rd4 Qe7 18. Rd3 b5 19. a4 a6 20. Rdd1 Rfd8 21.
axb5 axb5 22. Rxa8 Rxa8 23. Qf3 Rc8 24. Ra1 c5 25. Ra8 Qd8 26. Rxc8 Qxc8 27. h3
c4 28. Bd1 Nd7 29. Qd5 b4 30. Be2 bxc3 31. bxc3 Bxc3 32. Bxc4 Ne5 33. Bb3 Qd7
34. Qa8+ Kg7 35. Bc5 Bd4 36. Qf8+ Kf6 37. Qh8+ Kg5 38. h4+ Kf5 39. Bc2+ Kg4 40.
Qf6 Bxf2+ 41. Bxf2 1-0

[Event "LXIX C.to Italiano"]
[Site "Sarre ITA"]
[Date "2009.12.01"]
[Round "8"]
[White "Ortega, Lexy"]
[Black "Bruno, Fabio"]
[Result "0-1"]
[WhiteElo "2459"]
[BlackElo "2460"]
[PlyCount "97"]
[EventDate "2009.11.23"]

1. d4 d5 2. c4 c6 3. Nf3 Nf6 4. e3 e6 5. b3 Nbd7 6. Bb2 Ne4 7. Bd3 Bd6 8. O-O
O-O 9. Ba3 Bxa3 10. Nxa3 Qe7 11. Qc1 f5 12. Nb1 a5 13. Nbd2 Qd6 14. c5 Qc7 15.
Qc2 Nxd2 16. Nxd2 b6 17. cxb6 Qxb6 18. a3 Ba6 19. Bxa6 Rxa6 20. Rfc1 e5 21.
dxe5 Nxe5 22. Qc3 Nd7 23. Qd3 f4 24. e4 Ne5 25. Qh3 Re8 26. exd5 cxd5 27. Rc8
Qe6 28. Rac1 Qxh3 29. Rxe8+ Kf7 30. gxh3 Kxe8 31. Rc5 Kd7 32. Rxd5+ Ke6 33. Rd4
Kf5 34. f3 Rc6 35. Kf2 Rc3 36. Rd5 Ke6 37. Rxa5 Rd3 38. Ke2 Re3+ 39. Kd1 Nxf3
40. Nxf3 Rxf3 41. Rb5 Rxh3 42. Ke2 h6 43. a4 g5 44. Kf2 Rxh2+ 45. Kg1 Ra2 46.
a5 f3 47. Rb4 h5 48. a6 Rxa6 49. Rb7 0-1

[Event "LXIX C.to Italiano"]
[Site "Sarre ITA"]
[Date "2009.12.01"]
[Round "8"]
[White "Rombaldoni, Axel"]
[Black "Genocchio, Daniele"]
[Result "1/2-1/2"]
[WhiteElo "2442"]
[BlackElo "2464"]
[PlyCount "55"]
[EventDate "2009.11.23"]

1. e4 c5 2. Nf3 Nc6 3. Nc3 Nd4 4. Bc4 Nf6 5. d3 d6 6. Nxd4 cxd4 7. Ne2 Qb6 8.
O-O g6 9. a4 a5 10. c3 dxc3 11. Be3 Qd8 12. Qb3 e6 13. Nxc3 Bg7 14. Bb6 Qe7 15.
Nb5 O-O 16. Nc7 Rb8 17. Qa3 Ng4 18. Nb5 Qh4 19. h3 d5 20. hxg4 dxc4 21. Qd6 e5
22. Qxb8 Bxg4 23. Qd6 Bf3 24. Qd7 Bg4 25. Qd6 Bf3 26. Qd7 Bg4 27. Qd5 Bf3 28.
gxf3 1/2-1/2